000 00589nam a22001697a 4500
003 MACL
005 20160519131655.0
008 160519b xxu||||| |||| 00| 0 eng d
040 _cMACL
041 _aHindi
082 _a891.433
100 _aशरत, सत्‍येन्‍द्र
_958156
245 _aशरतचन्‍द्र की श्रेष्‍ठ कहानियां
_cसत्‍येन्‍द्र शरत
260 _aदिल्‍ली
_bकविता बुक सेंटर
_c2011
650 _aStories
_958171
942 _2ddc
_cHIN
999 _c54035
_d54035